000 00912nam a2200253Ia 4500
003 OSt
005 20220923211119.0
006 a|||||r|||| 00| 0
007 ta
008 220922b |||||||| |||| 00| 0 hin d
020 _a8181435079 (hbk)
_c300
024 _a235,441
037 _b486, 21/03/2008, Vani Prakashan
_cTextual
040 _aARTS
_cARTS
_bhin
041 _2hin
_ahin
082 _aP152:(X:8M), P6
100 _aआंडाल, प. प.
_9158365
245 0 _aप्रशासनिक हिंदी प्रयोग और संभावनाएॅं
246 _aPrashāsanik hiandī prayog aur sanbhāvanāeॅan
260 _aनई दिल्ली
_b वाणी प्रकाशन
_c2006
300 _a299पृ.
_ccm.
942 _hP152:(X:8M), P6
_cTEXL
_2CC
999 _c295453
_d295453